| 000 | 00389 a2200169 4500 | ||
|---|---|---|---|
| 001 | 188257 | ||
| 020 | _a85-357-0701-8 | ||
| 040 | _cMagnum | ||
| 100 | _aCereja, William Roberto | ||
| 240 | 1 | 0 |
_aEnsino de literatura _lpor |
| 245 | 1 | 0 | _aEnsino de literatura |
| 300 | _a207 | ||
| 362 | 0 | _a2005 | |
| 440 | 1 | _aAtual | |
| 697 | _aLÍNGUA, TEORIA DA LITERATURA E GRAMÁTICA | ||
| 942 | _cBK | ||
| 999 |
_c188257 _d188257 |
||